LIBRARY & INFORMATION CENTRE, KCAET, TAVANUR

ONLINE PUBLIC ACCESS CATALOGUE (OPAC)

Irrigation Engineering & Hydraulic Structures (Record no. 14129)

MARC details
000 -LEADER
fixed length control field 00354nam a22001337a 4500
020 ## - INTERNATIONAL STANDARD BOOK NUMBER
ISBN 9789350141311
082 ## - DEWEY DECIMAL CLASSIFICATION NUMBER
Classification number 627.52
Item number SAH/IR
100 ## - MAIN ENTRY--AUTHOR NAME
Personal name Sahasrabudhe, S R
245 ## - TITLE STATEMENT
Title Irrigation Engineering & Hydraulic Structures
260 ## - PUBLICATION, DISTRIBUTION, ETC. (IMPRINT)
Place of publication New Delhi
Name of publisher S K Kataria & Sons
Year of publication 2012
300 ## - PHYSICAL DESCRIPTION
Number of Pages 982
650 ## - SUBJECT ADDED ENTRY--TOPICAL TERM
Topical Term Irrigation Engineering
942 ## - ADDED ENTRY ELEMENTS (KOHA)
Koha item type Books

No items available.

free website counter